Operations Rules: Delivering Customer Value through Flexible Operations (Record no. 43104)

MARC details
000 -LEADER
fixed length control field 00355nam a2200121Ia 4500
008 - FIXED-LENGTH DATA ELEMENTS--GENERAL INFORMATION
fixed length control field 241028s9999 xx 000 0 und d
041 ## - LANGUAGE CODE
Language code of text/sound track or separate title eng
082 ## - DEWEY DECIMAL CLASSIFICATION NUMBER
Classification number 658.4034 SIM
100 ## - MAIN ENTRY--PERSONAL NAME
Personal name Simchi-Levi, David
245 ## - TITLE STATEMENT
Title Operations Rules: Delivering Customer Value through Flexible Operations
260 ## - PUBLICATION, DISTRIBUTION, ETC.
Name of publisher, distributor, etc. The MIT Press
Place of publication, distribution, etc. London
Date of publication, distribution, etc. 2010
300 ## - PHYSICAL DESCRIPTION
Extent 239;. P. 24 cm

No items available.

Designed & Maintained by: LRC IMT Nagpur Contact: lrc@imtnag.ac.in© 2024. All Rights Reserved.